STN EN ISO 291: 2006 (64 0204) [neplatná], Plasty. Štandardné prostredie na kondicionovanie a skúšanie (ISO 291: 2005)

Táto norma je slovenskou verziou EN ISO 291: 2005

Bibliographic Details
Other Authors: Molnárová, Vlasta (Translator)
Format: Book
Language:Slovak
English
PhysicalDescription:12 s. tab. 30 cm
Published: Bratislava Slovenský ústav technickej normalizácie 2006
Subjects:

MARC

LEADER 00000nam a2200000 a 4500
001 vtls008831591
003 SK-MaSNL
005 20260301080213.0
008 160628s2006 xo a f u 000 0 slo
015 |a SNBN2014 
020 |c (cen. skup. 10) 
040 |a SNK  |b slo  |c SNK  |e AACR2 
041 1 |a slo  |h eng 
044 |a xo  |c SK 
046 |a m  |m 200606 (účin.)  |n 200809 (zruš.) 
072 7 |a 678  |x Priemysel makromolekulárnych látok. Gumárenský priemysel. Priemysel plastov  |2 konspekt 
072 7 |a 620.1/.2  |x Náuka o materiáli  |2 konspekt 
080 |a 678.5  |2 2001 
080 |a 006.86  |2 2001 
080 |a (437.6)  |2 2001 
080 |a (4)  |2 2001 
080 |a (083)  |2 2001 
080 |a 620.1  |2 2001 
084 |a 83.080.01  |2 ICS 
130 0 |a STN 64 0204 (STN EN ISO 291) [neplatná]  |9 401500 
245 1 0 |a STN EN ISO 291: 2006 (64 0204) [neplatná], Plasty. Štandardné prostredie na kondicionovanie a skúšanie (ISO 291: 2005) 
246 1 0 |a Plasty 
246 1 0 |a Štandardné prostredie na kondicionovanie a skúšanie 
246 3 0 |a ISO 291: 2005 
246 3 0 |a EN ISO 291: 2005 E 
260 |a Bratislava  |b Slovenský ústav technickej normalizácie  |c 2006 
300 |a 12 s.  |b tab.  |c 30 cm 
500 |a Norma bola nahradená normou STN EN ISO 291 zo septembra 2008 v celom rozsahu 
500 |a Súbežný názov v angličtine, francúzštine, nemčine 
500 |a Táto norma nahrádza STN EN ISO 291 z februára 2001 v celom rozsahu 
500 |a Spracovateľ: Vlasta Molnárová ; SÚTN Bratislava 
504 |a Citované normy s. 2 ; literatúra s. 12 
520 8 |a Táto norma je slovenskou verziou EN ISO 291: 2005 
540 |a STN vydané na akomkoľvek nosiči sa môžu rozmnožovať a rozširovať iba so súhlasom určenej právnickej osoby  |b SÚTN Bratislava  |c zákon 264/1999 Z.z. 
650 0 7 |a plasty  |2 SNKPH  |9 3661 
650 0 7 |a Plastics  |2 SNKPHeng  |9 298157 
650 0 7 |a technické normy a štandardy  |z Slovensko  |2 SNKPH  |9 79594 
650 0 7 |a technické normy a štandardy  |z krajiny Európskej únie  |2 SNKPH  |9 289341 
650 0 7 |a skúšanie materiálov  |2 SNKPH  |9 4168 
650 0 7 |a Material testing  |2 SNKPHeng  |9 266886 
655 7 |a normy  |2 SNKPH  |9 70643 
700 1 |a Molnárová, Vlasta  |4 trl  |9 320972 
710 2 |a Slovenský ústav technickej normalizácie (Bratislava, Slovensko).  |b Technická komisia č. 39 Plasty  |4 stn  |9 314688 
958 |a OP 
958 |a NB 
999 |c 652575  |d 654505 
952 |a SNK  |b SNK  |y PREZ  |7 0  |p 17A0514618  |o snkSTN EN ISO 291 D1  |i snk2006/14140  |8 0  |0 0  |1 0  |4 0  |d 2006-07-18  |l 0  |r 2026-02-23 18:26:32  |w 2026-02-23 
952 |a SNK  |b SNK  |y PREZ  |7 0  |p 17A0514604  |o snkSTN EN ISO 291  |i snk2006/14139  |8 0  |0 0  |1 0  |4 0  |d 2006-07-18  |l 0  |r 2026-02-23 18:26:32  |w 2026-02-23